Gaming Quiz

Random Gaming or Pokémon Quiz

Psychic Pokémon (Gen I) Quiz Stats

Quiz Updated Oct 8, 2013

Challenge
Share
Tweet
Embed
Score 0/14 Timer 02:00
4 Plays Today
Pokemon % Correct
Abra
94.8%
Kadabra
93.6%
Alakazam
93.2%
Hypno
80.5%
Mew
80.1%
Mewtwo
79.5%
Drowzee
79.1%
Pokemon % Correct
Jynx
67.6%
Mr. Mime
62.6%
Slowbro
48.7%
Slowpoke
48.2%
Starmie
35.5%
Exeggutor
34%
Exeggcute
33.5%

You're not logged in!

Compare scores with friends on all Sporcle quizzes.
Sign Up with Email
OR
Log In

You Might Also Like...

Show Comments

Extras

Top Quizzes Today


Score Distribution

Your Account Isn't Verified!

In order to create a playlist on Sporcle, you need to verify the email address you used during registration. Go to your Sporcle Settings to finish the process.